[Event "SRB-chT2 West CS"]
[Site "Serbia"]
[Date "2016.10.06"]
[Round "6.3"]
[White "Tadic, Dragan"]
[Black "Pavlovic, Nebojsa"]
[Result "0-1"]
[WhiteElo "1994"]
[BlackElo "2317"]
[PlyCount "58"]
[EventDate "2016.09.04"]
[EventType "team-tourn"]
[EventRounds "11"]
[EventCountry "SRB"]
[SourceTitle "EXT 2018"]
[Source "ChessBase"]
[SourceDate "2017.10.13"]
[SourceVersion "1"]
[SourceVersionDate "2017.10.13"]
[SourceQuality "1"]

1. e4 c5 2. c4 Nc6 3. Nc3 Nf6 4. b3 g6 5. Bb2 Bg7 6. Nd5 e6 7. Ne3 0-0 8. Bd3 d5 9. f3 dxe4 10. Bxe4 Nxe4 11. Bxg7 Kxg7 12. fxe4 Qh4+ 13. g3 Qxe4 14. Nf3 Nd4 15. 0-0 b6 16. Nxd4 cxd4 17. Rf4 Qe5 18. Ng4 Qc7 19. Qf1 e5 20. Nxe5 Qxe5 21. Re1 Qd6 22. Qf2 d3 23. h4 Bb7 24. Kh2 Rae8 25. h5 Qc6 26. Qd4+ f6 27. Rg1 Re2+ 28. Kh3 g5 29. Qxd3 Qe6+ 0-1

[Event "SRB-chT Cup"]
[Site "Kragujevac"]
[Date "2012.05.16"]
[Round "3"]
[White "Pavlovic, Nebojsa"]
[Black "Drljevic, Ljilja"]
[Result "1/2-1/2"]
[WhiteElo "2332"]
[BlackElo "2171"]
[PlyCount "53"]
[EventDate "2012.05.14"]
[EventType "team-swiss"]
[EventRounds "7"]
[EventCountry "SRB"]
[SourceTitle "CBM 148 Extra"]
[Source "ChessBase"]
[SourceDate "2012.06.22"]
[SourceVersion "1"]
[SourceVersionDate "2012.06.22"]
[SourceQuality "1"]
[WhiteTeam "Kosovska Mitrovica"]
[BlackTeam "Belgrade BAS"]
[WhiteTeamCountry "SRB"]
[BlackTeamCountry "SRB"]

1. e4 d6 2. d4 Nf6 3. Nc3 g6 4. Be3 c6 5. h3 Bg7 6. g3 0-0 7. Bg2 b5 8. a3 Bb7 9. Nge2 Nbd7 10. 0-0 a5 11. f4 b4 12. Na4 c5 13. dxc5 Nxe4 14. cxd6 exd6 15. Bd4 Ndf6 16. Kh2 Qc7 17. c3 Bc6 18. cxb4 axb4 19. axb4 Qb7 20. Qc2 Rfe8 21. b5 Qxb5 22. Nac3 Nxc3 23. Nxc3 Qc4 24. Bxc6 Qxc6 25. Qg2 Ng4+ 26. hxg4 Qxg2+ 27. Kxg2 1/2-1/2

[Event "SRB-chT 1st League"]
[Site "Vrnjacka Banja"]
[Date "2007.10.14"]
[Round "6.5"]
[White "Pavlovic, Nebojsa"]
[Black "Miljkovic, Miroslav D"]
[Result "0-1"]
[WhiteElo "2337"]
[BlackElo "2405"]
[PlyCount "75"]
[EventDate "2007.09.08"]
[EventType "team"]
[EventRounds "11"]
[EventCountry "SRB"]
[SourceTitle "EXT 2012"]
[Source "ChessBase"]
[SourceDate "2011.11.24"]
[SourceVersion "1"]
[SourceVersionDate "2011.11.24"]
[SourceQuality "1"]
[WhiteTeam "Trepca"]
[BlackTeam "Nis"]
[WhiteTeamCountry "SRB"]
[BlackTeamCountry "SRB"]

1. e4 c5 2. Nf3 Nc6 3. d4 cxd4 4. Nxd4 Nf6 5. Nc3 e5 6. Ndb5 d6 7. Bg5 a6 8. Na3 b5 9. Nd5 Be7 10. Bxf6 Bxf6 11. c3 Bg5 12. Nc2 Ne7 13. h4 Bh6 14. a4 bxa4 15. Ncb4 0-0 16. Rxa4 a5 17. Nxe7+ Qxe7 18. Nd5 Qb7 19. b3 Kh8 20. Bc4 Bd7 21. Ra3 f5 22. exf5 Bxf5 23. 0-0 Be6 24. Qd3 g6 25. b4 a4 26. Ba2 Qf7 27. b5 Bc1 28. c4 Bxa3 29. Qxa3 Bxd5 30. cxd5 Qc7 31. Qe3 Rac8 32. h5 gxh5 33. Bb1 Qg7 34. b6 Rc5 35. Be4 Qf6 36. Rb1 Qf4 37. Qe1 Rb8 38. b7 0-1

[Event "SRB-chT 1st League"]
[Site "Vrnjacka Banja"]
[Date "2007.09.22"]
[Round "3.1"]
[White "Pavlovic, Nebojsa"]
[Black "Djakovac, Enes"]
[Result "1-0"]
[WhiteElo "2337"]
[BlackElo "2237"]
[PlyCount "79"]
[EventDate "2007.09.08"]
[EventType "team"]
[EventRounds "11"]
[EventCountry "SRB"]
[SourceTitle "EXT 2012"]
[Source "ChessBase"]
[SourceDate "2011.11.24"]
[SourceVersion "1"]
[SourceVersionDate "2011.11.24"]
[SourceQuality "1"]
[WhiteTeam "Trepca"]
[BlackTeam "Novi Pazar INA Dizajn"]
[WhiteTeamCountry "SRB"]
[BlackTeamCountry "SRB"]

1. e4 e5 2. Nf3 Nc6 3. Bb5 a6 4. Bxc6 dxc6 5. 0-0 Bg4 6. h3 Bxf3 7. Qxf3 Qd7 8. d3 0-0-0 9. Nd2 f6 10. Qg4 Bc5 11. Qxd7+ Rxd7 12. Nb3 Bb6 13. a4 Ne7 14. a5 Ba7 15. Be3 Bxe3 16. fxe3 Ng6 17. Ra4 Nf8 18. Nc5 Re7 19. Rb4 Ne6 20. Na4 Rd7 21. Ra1 Kb8 22. Ra3 Ka7 23. Rab3 Rb8 24. Kf2 Rd6 25. Rc3 b6 26. axb6+ cxb6 27. Ra3 c5 28. Rb5 Kb7 29. Rbb3 b5 30. Nc3 Nc7 31. Ra1 b4 32. Ne2 Ka7 33. Ng3 Rb5 34. Nf1 Na8 35. Nd2 a5 36. c4 Rb8 37. Rxa5+ Kb6 38. Rb5+ Ka7 39. Rxc5 Ra6 40. d4 1-0

[Event "SRB-chT 1st League"]
[Site "Vrnjacka Banja"]
[Date "2007.09.16"]
[Round "2.2"]
[White "Milenkovic, Mladen"]
[Black "Pavlovic, Nebojsa"]
[Result "0-1"]
[WhiteElo "2307"]
[BlackElo "2337"]
[PlyCount "102"]
[EventDate "2007.09.08"]
[EventType "team"]
[EventRounds "11"]
[EventCountry "SRB"]
[SourceTitle "EXT 2012"]
[Source "ChessBase"]
[SourceDate "2011.11.24"]
[SourceVersion "1"]
[SourceVersionDate "2011.11.24"]
[SourceQuality "1"]
[WhiteTeam "Sloboda Uzice"]
[BlackTeam "Trepca"]
[WhiteTeamCountry "SRB"]
[BlackTeamCountry "SRB"]

1. e4 c5 2. Nf3 Nc6 3. d4 cxd4 4. Nxd4 Nf6 5. Nc3 d6 6. f3 e6 7. g4 Be7 8. Be3 0-0 9. Qd2 a6 10. 0-0-0 Nxd4 11. Bxd4 b5 12. Kb1 Bb7 13. h4 Qc7 14. h5 b4 15. Ne2 Rac8 16. Ng3 Nd7 17. Bd3 Ne5 18. Bxe5 dxe5 19. g5 a5 20. g6 h6 21. Qe2 fxg6 22. hxg6 Rf6 23. Nf1 a4 24. Bb5 Bc6 25. Ba6 Bb7 26. Bb5 Bc6 27. Ba6 Rd8 28. Ne3 a3 29. Rxd8+ Bxd8 30. Ng4 Rxg6 31. Rd1 h5 32. Ne3 Bg5 33. Bc4 Qb6 34. Nf5 Kh7 35. f4 Bh6 36. Nxh6 Rxh6 37. f5 exf5 38. exf5 Qc5 39. Bf7 e4 40. Bg6+ Rxg6 41. fxg6+ Kxg6 42. Qg2+ Kh6 43. Qg3 Be8 44. bxa3 bxa3 45. Rd6+ Kh7 46. Kc1 e3 47. Re6 Ba4 48. Qg6+ Kh8 49. Ra6 Qd5 50. Rd6 e2 51. Rd8+ Qxd8 0-1

[Event "SRB-chT 1st League"]
[Site "Vrnjacka Banja"]
[Date "2007.09.09"]
[Round "1.3"]
[White "Djoric, Dusan"]
[Black "Pavlovic, Nebojsa"]
[Result "1/2-1/2"]
[WhiteElo "2308"]
[BlackElo "2337"]
[PlyCount "124"]
[EventDate "2007.09.08"]
[EventType "team"]
[EventRounds "11"]
[EventCountry "SRB"]
[SourceTitle "EXT 2012"]
[Source "ChessBase"]
[SourceDate "2011.11.24"]
[SourceVersion "1"]
[SourceVersionDate "2011.11.24"]
[SourceQuality "1"]
[WhiteTeam "Smederevska Palanka Jasenica"]
[BlackTeam "Trepca"]
[WhiteTeamCountry "SRB"]
[BlackTeamCountry "SRB"]

1. e4 c5 2. Nf3 Nc6 3. c3 Nf6 4. e5 Nd5 5. Bc4 e6 6. 0-0 d6 7. d4 cxd4 8. cxd4 Be7 9. Nbd2 0-0 10. Ne4 dxe5 11. dxe5 Qc7 12. Bxd5 Rd8 13. Qc2 exd5 14. Neg5 g6 15. Bf4 Bf5 16. Qe2 Qd7 17. Rfe1 Re8 18. Qe3 Bb4 19. Red1 f6 20. Qb3 fxg5 21. Rxd5 Qe7 22. Nxg5 Be6 23. Nxe6 Qxe6 24. Rad1 a5 25. a3 a4 26. Qd3 Bf8 27. Bg3 Rad8 28. Qb5 Rxd5 29. Rxd5 Ra8 30. Qd3 Be7 31. h3 Rd8 32. Rxd8+ Bxd8 33. Kh2 Be7 34. f4 Kf7 35. Be1 Ke8 36. Bc3 h5 37. Qe4 b5 38. g4 hxg4 39. hxg4 Bc5 40. f5 gxf5 41. gxf5 Qh6+ 42. Kg3 Qg5+ 43. Kf3 Qh5+ 44. Kg3 Nd8 45. e6 Bd6+ 46. Be5 Qd1 47. Bxd6 Qxd6+ 48. Kg4 Ke7 49. Qe3 Ke8 50. Qc3 Qd1+ 51. Kf4 Qd6+ 52. Ke4 Nxe6 53. fxe6 Qxe6+ 54. Kf4 Kd7 55. Qd4+ Qd6+ 56. Ke4 Qxd4+ 57. Kxd4 Kd6 58. Kd3 Kd5 59. Kc3 Kc5 60. b3 axb3 61. Kxb3 Kc6 62. Kb4 Kb6 1/2-1/2

[Event "SRB-chT 1st League"]
[Site "Vrnjacka Banja"]
[Date "2006.09.09"]
[Round "1.1"]
[White "Pavlovic, Nebojsa"]
[Black "Lazic, Dragoljub"]
[Result "1-0"]
[WhiteElo "2336"]
[BlackElo "2325"]
[PlyCount "43"]
[EventDate "2006.09.09"]
[EventType "team"]
[EventRounds "11"]
[EventCountry "SRB"]
[SourceTitle "EXT 2012"]
[Source "ChessBase"]
[SourceDate "2011.11.24"]
[SourceVersion "1"]
[SourceVersionDate "2011.11.24"]
[SourceQuality "1"]
[WhiteTeam "Telekom Zvecan"]
[BlackTeam "Kragujevac Radnicki"]
[WhiteTeamCountry "SRB"]
[BlackTeamCountry "SRB"]

1. e4 c5 2. Nf3 d6 3. d4 cxd4 4. Nxd4 Nf6 5. Nc3 a6 6. Bg5 e6 7. Qf3 Nbd7 8. 0-0-0 Qa5 9. h4 h6 10. Be3 Ne5 11. Qg3 Bd7 12. Nb3 Qc7 13. Bd4 Bc6 14. f4 Ned7 15. Bd3 b5 16. e5 dxe5 17. fxe5 b4 18. Ne2 Ne4 19. Qe3 f5 20. exf6 Nexf6 21. Bg6+ Ke7 22. Bc5+ 1-0

[Event "SCG-chT 4th"]
[Site "Vrnjacka Banja"]
[Date "2006.05.07"]
[Round "7"]
[White "Kontic, Djordjije"]
[Black "Pavlovic, Nebojsa"]
[Result "1-0"]
[WhiteElo "2355"]
[BlackElo "2335"]
[PlyCount "47"]
[EventDate "2006.05.01"]
[EventType "team-tourn"]
[EventRounds "7"]
[EventCountry "YUG"]
[SourceTitle "CBM 112 Extra"]
[Source "ChessBase"]
[SourceDate "2006.07.14"]
[SourceVersion "1"]
[SourceVersionDate "2006.07.14"]
[SourceQuality "1"]

1. e4 c5 2. Ne2 Nc6 3. Nbc3 Nf6 4. d4 cxd4 5. Nxd4 d6 6. Bc4 e6 7. Be3 Be7 8. Qe2 a6 9. 0-0-0 Qc7 10. Bb3 0-0 11. g4 Na5 12. g5 Nxb3+ 13. axb3 Nd7 14. g6 hxg6 15. h4 Nf6 16. h5 g5 17. Bxg5 b5 18. Rdg1 b4 19. Bh6 bxc3 20. Bxg7 Kh7 21. Qe3 Ng8 22. Qg3 Nf6 23. Bxf8 Bxf8 24. h6 1-0

[Event "SCG-chT 4th"]
[Site "Vrnjacka Banja"]
[Date "2006.05.03"]
[Round "3"]
[White "Raicevic, Momcilo"]
[Black "Pavlovic, Nebojsa"]
[Result "0-1"]
[WhiteElo "2348"]
[BlackElo "2335"]
[PlyCount "94"]
[EventDate "2006.05.01"]
[EventType "team-tourn"]
[EventRounds "7"]
[EventCountry "YUG"]
[SourceTitle "CBM 112 Extra"]
[Source "ChessBase"]
[SourceDate "2006.07.14"]
[SourceVersion "1"]
[SourceVersionDate "2006.07.14"]
[SourceQuality "1"]

1. c4 Nf6 2. g3 g6 3. Bg2 Bg7 4. Nc3 0-0 5. d3 e5 6. Nf3 Nc6 7. 0-0 d6 8. Bd2 Re8 9. Rb1 a5 10. a3 Nd4 11. Ne1 c6 12. b4 axb4 13. axb4 Be6 14. e3 Nf5 15. Nf3 Bd7 16. Qb3 h6 17. b5 Be6 18. e4 Nd4 19. Nxd4 exd4 20. Ne2 Nd7 21. Nf4 Nc5 22. Qc2 Bd7 23. bxc6 bxc6 24. Bb4 Qb6 25. Ne2 Qa7 26. Bxc5 Qxc5 27. Rb7 Bc8 28. Rb3 g5 29. Rfb1 Be6 30. Qd2 f5 31. Rb6 fxe4 32. Bxe4 d5 33. Bg2 Bg4 34. Nc1 Kh8 35. h3 Bf5 36. R6b4 Qe7 37. cxd5 Qe1+ 38. Qxe1 Rxe1+ 39. Kh2 cxd5 40. Bxd5 Rc8 41. Bc4 Be5 42. Kg2 Bd6 43. Ra4 Bd7 44. Ra6 Bc6+ 45. f3 Re3 46. Rbb6 Bxf3+ 47. Kh2 Re1 0-1

[Event "SCG-chT 4th"]
[Site "Vrnjacka Banja"]
[Date "2006.05.02"]
[Round "2"]
[White "Pavlovic, Nebojsa"]
[Black "Kosic, Dragan"]
[Result "1/2-1/2"]
[WhiteElo "2335"]
[BlackElo "2482"]
[PlyCount "107"]
[EventDate "2006.05.01"]
[EventType "team-tourn"]
[EventRounds "7"]
[EventCountry "YUG"]
[SourceTitle "CBM 112 Extra"]
[Source "ChessBase"]
[SourceDate "2006.07.14"]
[SourceVersion "1"]
[SourceVersionDate "2006.07.14"]
[SourceQuality "1"]

1. e4 e6 2. d4 d5 3. Nc3 dxe4 4. Nxe4 Nd7 5. Nf3 Ngf6 6. Nxf6+ Nxf6 7. c3 a6 8. Bd3 c5 9. Be3 Nd5 10. Be4 Nxe3 11. fxe3 Bd6 12. 0-0 0-0 13. Qc2 g6 14. Rad1 Qe7 15. Qf2 Rb8 16. Ne5 f5 17. Bc2 Qc7 18. Qf4 b5 19. Rf3 Bb7 20. Rg3 Rbd8 21. h4 Bxe5 22. dxe5 Rxd1+ 23. Bxd1 Rd8 24. Bf3 Bxf3 25. gxf3 Rd5 26. h5 Qxe5 27. Qxe5 Rxe5 28. hxg6 Rxe3 29. gxh7+ Kxh7 30. Kf2 Rd3 31. Ke2 Rd7 32. f4 Rg7 33. Re3 Rg2+ 34. Kd3 Rxb2 35. Rxe6 Rxa2 36. Rf6 c4+ 37. Kd4 Kg7 38. Rxf5 Rb2 39. Rc5 a5 40. Rc6 a4 41. Ra6 Kf7 42. Kc5 Ke7 43. Kd4 Kd7 44. Kc5 Rb3 45. Kd4 Ke7 46. Kc5 Rb2 47. Kd4 Rh2 48. Kc5 Rh5+ 49. Kb4 Rd5 50. Rg6 Kf7 51. Rb6 Ke7 52. Ra6 Rf5 53. Rb6 Kf7 54. Ka3 1/2-1/2

[Event "SRB-chT 1st League"]
[Site "Serbia"]
[Date "2005.09.30"]
[Round "8.3"]
[White "Spasov, Vasil"]
[Black "Pavlovic, Nebojsa"]
[Result "1/2-1/2"]
[WhiteElo "2551"]
[BlackElo "2313"]
[PlyCount "78"]
[EventDate "2005.09.25"]
[EventType "team"]
[EventRounds "11"]
[EventCountry "SRB"]
[SourceTitle "EXT 2012"]
[Source "ChessBase"]
[SourceDate "2011.11.24"]
[SourceVersion "1"]
[SourceVersionDate "2011.11.24"]
[SourceQuality "1"]
[WhiteTeam "Borac"]
[BlackTeam "Telekom"]
[WhiteTeamCountry "SRB"]
[BlackTeamCountry "SRB"]

1. e4 c5 2. Nf3 Nc6 3. d4 cxd4 4. Nxd4 Nf6 5. Nc3 d6 6. Bg5 e6 7. Qd2 a6 8. 0-0-0 h6 9. Be3 Bd7 10. f3 b5 11. Nxc6 Bxc6 12. Bd3 Be7 13. Kb1 Nd7 14. Qf2 Bh4 15. g3 Bf6 16. Bd4 Qc7 17. Bxf6 Nxf6 18. Rhe1 0-0 19. g4 b4 20. Ne2 d5 21. e5 Nd7 22. Nd4 Bb5 23. f4 Bxd3 24. cxd3 Qb6 25. Qe3 a5 26. f5 Kh7 27. fxe6 fxe6 28. g5 b3 29. a3 Rac8 30. gxh6 gxh6 31. Rg1 Rg8 32. Rg3 Rxg3 33. hxg3 Rg8 34. Rh1 Rg6 35. Qf4 Nc5 36. Qf7+ Rg7 37. Qf6 Rg6 38. Qe7+ Rg7 39. Qf6 Rg6 1/2-1/2

[Event "SRB-chT 1st League"]
[Site "Serbia"]
[Date "2005.09.26"]
[Round "3.5"]
[White "Pavlovic, Nebojsa"]
[Black "Vencl, Radivoje"]
[Result "1-0"]
[WhiteElo "2313"]
[BlackElo "2300"]
[PlyCount "95"]
[EventDate "2005.09.25"]
[EventType "team"]
[EventRounds "11"]
[EventCountry "SRB"]
[SourceTitle "EXT 2012"]
[Source "ChessBase"]
[SourceDate "2011.11.24"]
[SourceVersion "1"]
[SourceVersionDate "2011.11.24"]
[SourceQuality "1"]
[WhiteTeam "Telekom"]
[BlackTeam "Ribnica"]
[WhiteTeamCountry "SRB"]
[BlackTeamCountry "SRB"]

1. e4 Nf6 2. Nc3 e5 3. Nf3 Nc6 4. d4 Bb4 5. Nxe5 Nxe4 6. Qg4 d5 7. Qxg7 Qf6 8. Qxf6 Nxf6 9. Bb5 Bd7 10. Bxc6 bxc6 11. Bd2 Rg8 12. g3 Ng4 13. Nd3 Bd6 14. f3 Nxh2 15. Rxh2 Bxg3+ 16. Rf2 0-0-0 17. Ke2 Rde8+ 18. Be3 Bxf2 19. Kxf2 Bf5 20. Ne5 Bh3 21. Ke2 Rg2+ 22. Bf2 f6 23. Rh1 Bf5 24. Kf1 Rxf2+ 25. Kxf2 fxe5 26. dxe5 Bxc2 27. f4 Kd7 28. Ke3 Ke6 29. Rh2 Bg6 30. Na4 Rb8 31. Nc5+ Ke7 32. a3 a5 33. Rf2 Bf5 34. Rg2 Bg6 35. Rf2 Rf8 36. Nb3 Ke6 37. Nd4+ Kd7 38. b4 axb4 39. axb4 Bf5 40. Rh2 Be4 41. f5 h6 42. Kf4 Rh8 43. f6 h5 44. Nb3 Ke6 45. Nc5+ Kf7 46. Nxe4 dxe4 47. Kf5 h4 48. e6+ 1-0

[Event "SCG-chT1 Central"]
[Site "Vrnjacka Banja"]
[Date "2004.09.28"]
[Round "5.4"]
[White "Pavlovic, Nebojsa"]
[Black "Rajkovic, Dusan"]
[Result "0-1"]
[WhiteElo "2299"]
[BlackElo "2430"]
[PlyCount "79"]
[EventDate "2004.09.25"]
[EventType "team-tourn"]
[EventRounds "11"]
[EventCountry "YUG"]
[SourceTitle "CBM 102 Extra"]
[Source "ChessBase"]
[SourceDate "2004.11.03"]
[SourceVersion "1"]
[SourceVersionDate "2004.11.03"]
[SourceQuality "1"]
[WhiteTeam "07"]
[BlackTeam "02"]
[WhiteTeamCountry "YUG"]
[BlackTeamCountry "YUG"]

1. e4 c5 2. Nf3 e6 3. d4 cxd4 4. Nxd4 Nc6 5. Nc3 Qc7 6. Be2 a6 7. 0-0 Nf6 8. Be3 Be7 9. f4 d6 10. a4 0-0 11. Kh1 Bd7 12. Nb3 b6 13. Bf3 Rab8 14. g4 Bc8 15. g5 Nd7 16. Bg2 Re8 17. Qh5 g6 18. Qh6 Bf8 19. Qh4 Nb4 20. Nd4 Bg7 21. Rad1 Bb7 22. Rd2 e5 23. Nf3 exf4 24. Bxf4 Ne5 25. Nxe5 Bxe5 26. Bxe5 Rxe5 27. Rf6 Rbe8 28. Qf4 Qe7 29. Rf2 Rf8 30. h4 b5 31. a5 Bc8 32. Qh2 Be6 33. h5 gxh5 34. Bf3 Nc6 35. Bxh5 b4 36. Nd5 Bxd5 37. exd5 Re4 38. Qxd6 Rh4+ 39. Kg2 Rxh5 40. dxc6 0-1

[Event "SCG-chT"]
[Site "Petrovac"]
[Date "2004.05.16"]
[Round "1.3"]
[White "Pavlovic, Nebojsa"]
[Black "Nestorovic, Dejan"]
[Result "1/2-1/2"]
[WhiteElo "2288"]
[BlackElo "2402"]
[PlyCount "67"]
[EventDate "2004.05.16"]
[EventType "team-tourn"]
[EventRounds "7"]
[EventCountry "YUG"]
[SourceTitle "CBM 100 Extra"]
[Source "ChessBase"]
[SourceDate "2004.07.06"]
[SourceVersion "2"]
[SourceVersionDate "2004.07.06"]
[SourceQuality "1"]
[WhiteTeam "14"]
[BlackTeam "11"]
[WhiteTeamCountry "YUG"]
[BlackTeamCountry "YUG"]

1. e4 c5 2. Nf3 e6 3. d4 cxd4 4. Nxd4 Bc5 5. Nb3 Bb6 6. Nc3 Ne7 7. Bf4 d5 8. exd5 exd5 9. Qd2 0-0 10. 0-0-0 Nbc6 11. Be2 Be6 12. Bf3 Rc8 13. Nxd5 Nxd5 14. Bxd5 Bxd5 15. Qxd5 Qf6 16. Qg5 Qxg5 17. Bxg5 Bxf2 18. Rd7 f6 19. Bf4 Rf7 20. Rhd1 g5 21. Rxf7 Kxf7 22. Bxg5 Nb4 23. Rd2 Rxc2+ 24. Rxc2 Nxc2 25. Kxc2 fxg5 26. Kd3 g4 27. Ke4 Bg1 28. Na5 Bxh2 29. Nxb7 Kg6 30. b4 Kg5 31. Nc5 h5 32. Ne6+ Kf6 33. Nf4 Kg5 34. Ne6+ 1/2-1/2

[Event "Serbia-chT central"]
[Site "Golubac"]
[Date "2003.??.??"]
[Round "?"]
[White "Novoselski, Zoran"]
[Black "Pavlovic, Nebojsa"]
[Result "0-1"]
[WhiteElo "2358"]
[BlackElo "2292"]
[PlyCount "82"]
[EventDate "2003.09.27"]
[EventType "team-tourn"]
[EventRounds "11"]
[EventCountry "YUG"]
[SourceTitle "CBM 096 Extra"]
[Source "ChessBase"]
[SourceDate "2003.10.22"]
[SourceVersion "2"]
[SourceVersionDate "2003.10.20"]
[SourceQuality "1"]

1. Nf3 Nf6 2. c4 g6 3. Nc3 Bg7 4. e4 d6 5. d4 0-0 6. Bg5 c5 7. d5 b5 8. cxb5 a6 9. Qd2 Qa5 10. bxa6 Bxa6 11. Bxa6 Qxa6 12. Qe2 Qb7 13. 0-0 Nbd7 14. Rab1 Rfb8 15. Nd2 Nb6 16. Rfc1 h6 17. Bh4 Nh5 18. a3 Qd7 19. Nd1 e6 20. Qg4 exd5 21. Qxd7 Nxd7 22. exd5 Nf4 23. Kf1 Nxd5 24. Nc4 f5 25. f3 Ra6 26. Rc2 Ne5 27. Bg3 Nxc4 28. Rxc4 Rb3 29. Ke2 Kf7 30. Kd2 Ke6 31. Kc2 Rab6 32. Be1 Ne3+ 33. Nxe3 Rxe3 34. Bd2 Re2 35. Kd3 Rxg2 36. b4 Kd5 37. Rbc1 Ra6 38. Rxc5+ dxc5 39. Rxc5+ Ke6 40. Bc1 Rd6+ 41. Kc4 Bd4 0-1

[Event "YUG Cup"]
[Site "Herceg Novi"]
[Date "2001.09.07"]
[Round "5"]
[White "Pavlovic, Nebojsa"]
[Black "Saric, Igor"]
[Result "1-0"]
[WhiteElo "2294"]
[BlackElo "2317"]
[PlyCount "103"]
[EventDate "2001.09.03"]
[EventType "team-tourn"]
[EventRounds "7"]
[EventCountry "YUG"]
[SourceTitle "CBM 084 Extra"]
[Source "ChessBase"]
[SourceDate "2001.10.26"]
[SourceVersion "1"]
[SourceVersionDate "2001.10.26"]
[SourceQuality "1"]

1. e4 e6 2. d4 d5 3. Nc3 Nf6 4. e5 Nfd7 5. f4 c5 6. Nf3 Nc6 7. Be3 cxd4 8. Nxd4 Bc5 9. Qd2 Qe7 10. 0-0-0 Nb6 11. Kb1 0-0 12. Ncb5 a6 13. Nxc6 bxc6 14. Nd4 Bxd4 15. Bxd4 c5 16. Qa5 Nd7 17. Qa3 Bb7 18. Rd3 Qh4 19. g3 Qh5 20. Bxc5 Nxc5 21. Qxc5 d4 22. Rg1 Qxh2 23. Qxd4 Rad8 24. Qe3 Be4 25. b4 g6 26. Be2 Bxd3 27. Bxd3 Rb8 28. a3 a5 29. b5 Rfd8 30. Rc1 a4 31. c4 Qh6 32. c5 Qf8 33. Rc3 Qe7 34. c6 Qc7 35. Qc5 Rd5 36. Qb4 Qb6 37. Qxa4 Kg7 38. Kb2 Qf2+ 39. Kb3 Qb6 40. c7 Rxd3 41. cxb8Q Rxc3+ 42. Kxc3 Qxb8 43. Qc4 Qa7 44. Kb4 Qe3 45. a4 Qxg3 46. b6 Qe1+ 47. Kb5 Qb1+ 48. Kc5 h5 49. a5 Qg1+ 50. Qd4 Qc1+ 51. Kd6 Qa3+ 52. Kc7 1-0

[Event "YUG-Cup"]
[Site "Herceg Novi"]
[Date "2000.??.??"]
[Round "1"]
[White "Leskur, Dejan"]
[Black "Pavlovic, Nebojsa"]
[Result "0-1"]
[WhiteElo "2455"]
[BlackElo "2268"]
[PlyCount "66"]
[EventDate "2000.05.27"]
[EventType "swiss"]
[EventRounds "7"]
[EventCountry "YUG"]
[SourceTitle "EXT 2001"]
[Source "ChessBase"]
[SourceDate "2000.11.22"]
[SourceVersion "1"]
[SourceVersionDate "2000.11.22"]
[SourceQuality "1"]

1. e4 c5 2. Nf3 Nc6 3. Nc3 d6 4. d4 cxd4 5. Nxd4 Nf6 6. f3 e6 7. Be3 Be7 8. Qd2 a6 9. g4 h5 10. g5 Nh7 11. h4 f6 12. f4 fxg5 13. hxg5 Nxd4 14. Qxd4 e5 15. fxe5 Nxg5 16. 0-0-0 Nf3 17. Qb4 Bg5 18. Bxg5 Qxg5+ 19. Kb1 Nxe5 20. Qxd6 Qe7 21. Qd4 Bg4 22. Nd5 Qd6 23. Qa4+ Kf7 24. Rd2 Rhd8 25. Qb3 Qe6 26. Rf2+ Kg8 27. Be2 Re8 28. Bxg4 Nxg4 29. Rf4 g6 30. Rxg4 hxg4 31. Qxb7 Qf7 32. Rh8+ Kxh8 33. Qxf7 Rf8 0-1

[Event "YUG-Cup"]
[Site "Herceg Novi"]
[Date "2000.??.??"]
[Round "3"]
[White "Pavlovic, Nebojsa"]
[Black "Milanovic, Danilo"]
[Result "0-1"]
[WhiteElo "2268"]
[BlackElo "2378"]
[PlyCount "42"]
[EventDate "2000.05.27"]
[EventType "swiss"]
[EventRounds "7"]
[EventCountry "YUG"]
[SourceTitle "EXT 2001"]
[Source "ChessBase"]
[SourceDate "2000.11.22"]
[SourceVersion "1"]
[SourceVersionDate "2000.11.22"]
[SourceQuality "1"]

1. e4 c5 2. Nf3 Nc6 3. Bb5 e6 4. 0-0 Nge7 5. Re1 Nd4 6. Nxd4 cxd4 7. d3 g6 8. c3 Bg7 9. cxd4 Bxd4 10. Nc3 0-0 11. Bh6 Bg7 12. Qd2 a6 13. Ba4 b5 14. Bb3 Bb7 15. h4 Nc6 16. Bg5 Qb6 17. h5 Nd4 18. Bd1 Rac8 19. h6 Bh8 20. Be7 Rfe8 21. Qg5 e5 0-1

[Event "YUG Cup"]
[Site "Ulcinj"]
[Date "1998.??.??"]
[Round "3"]
[White "Pavlovic, Nebojsa"]
[Black "Jevtic, Miodrag"]
[Result "1/2-1/2"]
[WhiteElo "2195"]
[BlackElo "2375"]
[PlyCount "66"]
[EventDate "1998.??.??"]
[EventType "team-tourn"]
[EventRounds "7"]
[EventCountry "YUG"]
[SourceTitle "EXT 1999"]
[Source "ChessBase"]
[SourceDate "1998.11.16"]
[SourceVersion "1"]
[SourceVersionDate "1998.11.16"]
[SourceQuality "1"]

1. e4 c5 2. Nf3 d6 3. d4 cxd4 4. Nxd4 Nf6 5. Nc3 g6 6. Be3 Bg7 7. f3 Nc6 8. Qd2 0-0 9. 0-0-0 Nxd4 10. Bxd4 Be6 11. Kb1 Qc7 12. h4 Rfc8 13. g4 Qa5 14. a3 Rab8 15. h5 b5 16. hxg6 hxg6 17. Qg5 Qc7 18. e5 dxe5 19. Bxe5 Qc5 20. Bxf6 Qxg5 21. Bxg5 b4 22. axb4 Rxb4 23. Kc1 Rcb8 24. Be3 Rxb2 25. Bd4 f6 26. Bxa7 R8b7 27. Rd8+ Kf7 28. Bd4 R2b4 29. Rh7 Rc7 30. Ne4 Rxd4 31. Rxd4 Kg8 32. Rh2 Rc8 33. Ra4 Kf7 1/2-1/2

[Event "YUG Cup"]
[Site "Ulcinj"]
[Date "1998.??.??"]
[Round "5"]
[White "Ristic, Nenad"]
[Black "Pavlovic, Nebojsa"]
[Result "1/2-1/2"]
[WhiteElo "2400"]
[BlackElo "2195"]
[PlyCount "75"]
[EventDate "1998.??.??"]
[EventType "team-tourn"]
[EventRounds "7"]
[EventCountry "YUG"]
[SourceTitle "EXT 1999"]
[Source "ChessBase"]
[SourceDate "1998.11.16"]
[SourceVersion "1"]
[SourceVersionDate "1998.11.16"]
[SourceQuality "1"]

1. e4 e5 2. Nf3 Nc6 3. Bb5 a6 4. Bxc6 dxc6 5. 0-0 f6 6. d4 exd4 7. Nxd4 c5 8. Ne2 Qxd1 9. Rxd1 Be6 10. Nbc3 Bd6 11. Bf4 0-0-0 12. Rd2 Ne7 13. Rad1 Bxf4 14. Rxd8+ Rxd8 15. Rxd8+ Kxd8 16. Nxf4 Bf7 17. a3 Kd7 18. f3 Kd6 19. Kf2 b5 20. Nd3 c4 21. Nf4 c5 22. Nd1 f5 23. exf5 Nxf5 24. Ne3 Ne7 25. c3 b4 26. axb4 cxb4 27. cxb4 Kc6 28. Nc2 Kb5 29. Ke1 Nc6 30. Ne2 Nxb4 31. Ned4+ Kc5 32. Nxb4 Kxb4 33. Kd2 a5 34. Nc6+ Kb3 35. Kc1 Bd5 36. Nd4+ Kb4 37. Nc2+ Kb3 38. Nd4+ 1/2-1/2